000 01097nam a22003017a 4500
003 CHAP
005 20220329143820.0
008 111024s1992 mx a r 00010 spa d
010 _a102255
011 _a103227
035 _a113916
040 _cCHAP
082 0 4 _a338.19
_bC71
111 1 _aColoquio Desafío Nutricional y Alimentación : políticas y estrategias (
_d1992 : [México, D.F.]).
_925426
245 1 0 _aMemoria del coloquio desfonutricional y allimentación :
_bpolíticas y estrategias
_c/por Comisión Nacional de Alimentación
260 _aMéxico, D.F. :
_bCONAL,
_c1992
300 _a76 p. :
_bilus.
590 _aBATCH-UPD
_b10
_c20130110
_lUCH01
_h1512
590 _aBATCH-UPD
_b10
_c20130410
_lUCH01
_h0929
590 _aBATCH-UPD
_b10
_c20130914
_lUCH01
_h1011
590 _aCONVERSION
_b10
_c20130109
_lUCH01
_h1356
650 1 4 _aPobreza.
_989463
650 1 4 _aPolítica alimentaria.
_990389
710 0 _aComisión Nacional de Alimentación. México.
_925762
901 _aBK
942 _cLIBRO
949 _a338.19 C71
_bBC
_cLIBRO
_d33724002102207
_eLIBRO
_h116085
_i113916
_sb
999 _c102255
_d102255